000
00289nam a2200097Ia 4500
008
220204s9999 xx 000 0 und d
082
_a
NR:631.35MAN
_b
RUB.12
245
0
_a
Rubber tappers' directory: Manjeri region
260
_a
Kottayam
_b
Rubber Research Institute of India
_c
2014
942
_c
BK
999
_c
44643
_d
44643